000 00427nam a2200145Ia 4500
008 230917s9999||||xx |||||||||||||| ||und||
040 _e131532
_aMAIN
041 _aEnglish
082 _a030.954 I2I(1981)
100 _aIndia, Ministry of Information & Broadcasting
245 0 _aIndia 1981: A reference annual
260 _aNew Delhi
_bIndia, Ministry of Information & Broadcasting
_c1903
300 _a541 p.
942 _cBK
999 _c227186
_d227186